[Event "19th EUR-ch"]
[Site "Batumi GEO"]
[Date "2018.03.22"]
[Round "6.87"]
[White "Girya, Olga"]
[Black "Bashirli, Nail"]
[Result "1/2-1/2"]
[WhiteElo "2482"]
[BlackElo "2384"]
[EventDate "2018.03.17"]
[PlyCount "120"]

1.d4 Nf6 2.c4 e6 3.Nf3 c5 4.d5 b5 5.Bg5 exd5 6.cxd5 h6 7.Bh4 d6 8.e4 a6 9.
Nbd2 Be7 10.a4 Nxd5 11.Bg3 Nb6 12.axb5 O-O 13.Be2 Bf6 14.Qb1 axb5 15.Rxa8 
Nxa8 16.Bxb5 Qb6 17.Qd3 Na6 18.Bc4 d5 19.Qxd5 N8c7 20.Qh5 Qxb2 21.O-O Be6 
22.Bd6 Re8 23.Bxc7 Nxc7 24.Qxc5 Bxc4 25.Nxc4 Ne6 26.Qc6 Qb8 27.e5 Rc8 28.
Qe4 Qb4 29.Nd6 Qxe4 30.Nxe4 Be7 31.Rd1 Rc4 32.Nd6 Rc3 33.Kf1 g6 34.Nb5 Rc5
35.Nd6 Ng5 36.Nxg5 hxg5 37.e6 fxe6 38.Ne4 Rc4 39.Nd2 Rc2 40.h3 Kf7 41.Ne4 
e5 42.g3 Ke6 43.Kg2 Kf5 44.Kf3 Ra2 45.Rd3 Ra4 46.Rb3 Ra6 47.Nd2 Bc5 48.Kg2
Ra2 49.Rf3+ Ke6 50.Ne4 Be7 51.Rb3 Kf5 52.Nc3 Ra6 53.Rb5 Rc6 54.Nd5 Bc5 55.
Kf3 Ke6 56.Ne3 Bxe3 57.fxe3 Rc4 58.Rb6+ Kf7 59.Rb7+ Kf6 60.Rb6+ Kf5 
1/2-1/2

[Event "19th EUR-ch"]
[Site "Batumi GEO"]
[Date "2018.03.22"]
[Round "6.88"]
[White "Neverov, Valeriy"]
[Black "Huber, Martin Christian"]
[Result "1-0"]
[WhiteElo "2480"]
[BlackElo "2372"]
[EventDate "2018.03.17"]
[PlyCount "91"]

1.Nf3 Nf6 2.c4 g6 3.b4 Bg7 4.Bb2 O-O 5.g3 d5 6.cxd5 Nxd5 7.Bxg7 Kxg7 8.Qb3
Qd6 9.a3 a5 10.b5 Nd7 11.Nc3 N5f6 12.Bg2 Nc5 13.Qb2 e5 14.O-O h6 15.d3 Be6
16.Nd2 Rad8 17.Rfc1 Rd7 18.Nce4 Nfxe4 19.Nxe4 Nxe4 20.Bxe4 Bd5 21.Bxd5 
Qxd5 22.Rc4 Re8 23.Rac1 Ree7 24.a4 f6 25.R1c3 Qd6 26.Qc1 Qb6 27.Kg2 Qd6 
28.Rc5 b6 29.R5c4 Qd5+ 30.Kg1 Qb7 31.Rc6 Qb8 32.R3c4 Qd8 33.Kg2 Rf7 34.h3 
Rde7 35.f3 Rd7 36.h4 Qe7 37.h5 g5 38.Qe3 Kf8 39.g4 Rd6 40.Qe4 f5 41.gxf5 
Rdf6 42.Rxc7 Qxc7 43.Rxc7 Rxc7 44.Qxe5 Rff7 45.Qd6+ Ke8 46.e4 1-0

[Event "19th EUR-ch"]
[Site "Batumi GEO"]
[Date "2018.03.22"]
[Round "6.89"]
[White "Polivanov, Anatoliy"]
[Black "Kanmazalp, Ogulcan"]
[Result "1/2-1/2"]
[WhiteElo "2383"]
[BlackElo "2473"]
[EventDate "2018.03.17"]
[PlyCount "108"]

1.d4 Nf6 2.c4 e6 3.Nc3 Bb4 4.f3 d5 5.a3 Bxc3+ 6.bxc3 c5 7.e3 O-O 8.cxd5 
Nxd5 9.Bd2 Qc7 10.Bd3 b6 11.Qb1 h6 12.Ne2 Ba6 13.c4 Ne7 14.O-O cxd4 15.
Nxd4 Rd8 16.Bh7+ Kh8 17.Be4 Nbc6 18.Nxc6 Nxc6 19.Bc3 f5 20.Bxc6 Qxc6 21.
Qb4 Bxc4 22.Rfd1 Qc7 23.a4 a6 24.Rxd8+ Rxd8 25.Bd4 b5 26.Rc1 e5 27.Qc5 
Qxc5 28.Bxc5 Rd5 29.axb5 axb5 30.Bb4 Kg8 31.Kf2 Kf7 32.Ra1 Rd7 33.e4 fxe4 
34.fxe4 Rd4 35.Re1 Ke6 36.Bc3 Rd3 37.Re3 Rd1 38.Re1 Rd3 39.Re3 Rd7 40.Rg3 
g5 41.Rh3 Rh7 42.Bb4 h5 43.Ra3 Rf7+ 44.Ke3 Rd7 45.Ra6+ Kf7 46.Bd6 h4 47.
Rc6 Rd8 48.Bxe5 Rd3+ 49.Kf2 g4 50.Rd6 Ra3 51.Rf6+ Ke8 52.Rh6 Ra2+ 53.Ke3 
Rxg2 54.Rxh4 b4 1/2-1/2

[Event "19th EUR-ch"]
[Site "Batumi GEO"]
[Date "2018.03.22"]
[Round "6.90"]
[White "Aliev, Ravan"]
[Black "Miron, Lucian-Costin"]
[Result "1/2-1/2"]
[WhiteElo "2330"]
[BlackElo "2471"]
[EventDate "2018.03.17"]
[PlyCount "83"]

1.d4 d5 2.c4 c6 3.Nf3 Nf6 4.e3 Bf5 5.Nc3 e6 6.Bd3 Bxd3 7.Qxd3 Nbd7 8.O-O 
Bb4 9.Bd2 a5 10.Rfd1 O-O 11.a3 Be7 12.e4 dxe4 13.Nxe4 Nxe4 14.Qxe4 a4 15.
Bc3 Nf6 16.Qe2 Qc7 17.Ne5 Rfd8 18.Rd3 c5 19.Rad1 cxd4 20.Bxd4 h6 21.h3 
Rac8 22.Bc3 Rxd3 23.Qxd3 Rd8 24.Qc2 Rxd1+ 25.Qxd1 Ne4 26.Qf3 Nd6 27.Qf4 
Bf6 28.Nd3 Bxc3 29.bxc3 Qc6 30.c5 Nf5 31.Qc4 Ne7 32.Nb4 Qd7 33.Nd3 Nd5 34.
Nb2 Qc6 35.Qxa4 Qxc5 36.c4 Nc7 37.Qb4 Qc6 38.Nd3 Na6 39.Qe7 Qe4 40.Qd7 Kh7
41.c5 Nxc5 42.Nxc5 1/2-1/2

[Event "19th EUR-ch"]
[Site "Batumi GEO"]
[Date "2018.03.22"]
[Round "6.91"]
[White "Minasian, Artashes"]
[Black "Tsoi, Dmitry"]
[Result "1-0"]
[WhiteElo "2467"]
[BlackElo "2347"]
[EventDate "2018.03.17"]
[PlyCount "61"]

1.e4 g6 2.d4 Bg7 3.Be3 d6 4.Nc3 a6 5.Qd2 Nf6 6.f3 b5 7.Bh6 O-O 8.h4 c5 9.
Bxg7 Kxg7 10.h5 cxd4 11.Qxd4 Nc6 12.Qd2 Qa5 13.Nge2 d5 14.hxg6 fxg6 15.
exd5 Nb4 16.Nd4 h5 17.Nce2 Nfxd5 18.c3 Rd8 19.Nb3 Qb6 20.cxb4 Ne3 21.Qc3+ 
Kh7 22.Nc5 Nd5 23.Qd4 e5 24.Qh4 Ne3 25.Qe7+ Kg8 26.Rc1 Ra7 27.Qg5 Nd5 28.
Rxh5 Nxb4 29.Rh6 Rg7 30.Qh4 Qa5 31.Kf2 1-0

[Event "19th EUR-ch"]
[Site "Batumi GEO"]
[Date "2018.03.22"]
[Round "6.92"]
[White "Ahmadzada, Ahmad"]
[Black "Beradze, Irakli"]
[Result "0-1"]
[WhiteElo "2283"]
[BlackElo "2464"]
[EventDate "2018.03.17"]
[PlyCount "180"]

1.Nf3 Nf6 2.c4 g6 3.Nc3 Bg7 4.g3 d6 5.Bg2 O-O 6.O-O Nc6 7.d3 e5 8.Rb1 Bf5 
9.Bg5 h6 10.Bxf6 Bxf6 11.Nd2 Qd7 12.b4 Bg7 13.b5 Nd8 14.Nb3 Bh3 15.Bxh3 
Qxh3 16.c5 Ne6 17.cxd6 cxd6 18.Na5 f5 19.f3 Kh7 20.e4 Rac8 21.Nc4 Nd4 22.
Rb2 h5 23.Ne2 fxe4 24.Nxd4 exd3 25.Nxd6 Qd7 26.Nxc8 Qxd4+ 27.Rff2 Rxc8 28.
Kg2 e4 29.Rb3 Rd8 30.fxe4 Qxe4+ 31.Rf3 d2 32.Re3 Qd5 33.h4 Qxb5 34.Rf2 
Qd5+ 35.Kh2 Rd7 36.Ree2 Bh6 37.Re8 Qxa2 38.Rfe2 Qf7 39.Qa1 Qg7 40.Qd1 b5 
41.Rb8 Qc3 42.Ree8 a6 43.Rbd8 Rf7 44.Qe2 Qf6 45.Kg2 b4 46.Qc4 Qf2+ 47.Kh3 
Bg7 48.Rxd2 Qxd2 49.Qxf7 Qd1 50.Qb7 b3 51.Re7 Qf1+ 52.Kh2 Qf2+ 53.Kh3 Qf5+
54.Kh2 Qf6 55.Rxg7+ Qxg7 56.Qxb3 Qa7 57.Qa4 a5 58.Kg2 Kg7 59.Kh2 Qf2+ 60.
Kh3 Qb6 61.Qe4 Qc5 62.Qb7+ Kh6 63.Qa8 Qe5 64.Qf8+ Kh7 65.Qa3 Qe4 66.Kh2 a4
67.Kg1 Qd4+ 68.Kh2 Qe4 69.Kg1 Kg8 70.Qd6 Kf7 71.Qd7+ Kf6 72.Qd6+ Kf7 73.
Qd7+ Kf8 74.Qd6+ Ke8 75.Qb8+ Kd7 76.Qa7+ Kd6 77.Qb6+ Qc6 78.Qd4+ Ke6 79.
Kh2 Qc2+ 80.Kh3 Ke7 81.Qe5+ Kd7 82.Qd5+ Kc7 83.Qd4 Kc6 84.Qb4 Kd5 85.Qb5+ 
Kd4 86.Qb4+ Kd3 87.Qf4 Ke2 88.Qe5+ Kf2 89.Qe7 Qf5+ 90.Kh2 Kf1 0-1

[Event "19th EUR-ch"]
[Site "Batumi GEO"]
[Date "2018.03.22"]
[Round "6.93"]
[White "Tarun, Kanyamarala"]
[Black "Pijpers, Arthur"]
[Result "0-1"]
[WhiteElo "1920"]
[BlackElo "2453"]
[EventDate "2018.03.17"]
[PlyCount "84"]

1.Nf3 d5 2.c4 d4 3.b4 c5 4.Bb2 Nf6 5.g3 Qc7 6.bxc5 e5 7.Bg2 Bxc5 8.O-O O-O
9.d3 Nc6 10.Ba3 Nb4 11.Qb3 a5 12.Bxb4 axb4 13.a3 Qe7 14.Ne1 Bd7 15.a4 Ra7 
16.Nc2 Rfa8 17.a5 Rxa5 18.Rxa5 Rxa5 19.Nd2 Ba4 20.Qa2 Ra6 21.Nb3 Bc6 22.
Qb2 Bxg2 23.Nxc5 Bxf1 24.Nxa6 Bxe2 25.Naxb4 h5 26.Ne1 Bg4 27.f3 Bc8 28.Qd2
h4 29.g4 b6 30.h3 Bb7 31.Kf2 Nh7 32.Nd5 Bxd5 33.cxd5 Nf6 34.Qc2 Nxd5 35.
Qc6 Nf4 36.Qxb6 Nxh3+ 37.Kf1 Nf4 38.Ng2 Nxd3 39.Qb8+ Kh7 40.Qb1 e4 41.fxe4
Qxe4 42.Nxh4 Qh1+ 0-1

[Event "19th EUR-ch"]
[Site "Batumi GEO"]
[Date "2018.03.22"]
[Round "6.94"]
[White "Can, Emre"]
[Black "Mgeladze, Tamaz"]
[Result "1-0"]
[WhiteElo "2603"]
[BlackElo "2303"]
[EventDate "2018.03.17"]
[PlyCount "107"]

1.d4 Nf6 2.c4 g6 3.Nc3 Bg7 4.e4 d6 5.Nf3 O-O 6.Be2 e5 7.d5 a5 8.Bg5 Na6 9.
Nd2 Qe8 10.g4 Nd7 11.a3 Nb6 12.h4 a4 13.h5 Bd7 14.Qc2 Nc5 15.O-O-O h6 16.
Be3 g5 17.Kb1 Qb8 18.Rc1 Bf6 19.Na2 Rc8 20.Qc3 Kg7 21.Nb4 Be8 22.Bd1 Nbd7 
23.Bc2 Kg8 24.Nf1 Nb3 25.Bxb3 axb3 26.Qxb3 c5 27.Na2 Ra6 28.Nc3 Nb6 29.Ng3
Be7 30.Nf5 Bf8 31.Kc2 Na8 32.Ra1 Nc7 33.a4 Qa8 34.Ra3 b6 35.Rha1 Qb7 36.
Nb5 Bxb5 37.axb5 Raa8 38.Qa2 Rxa3 39.bxa3 Ra8 40.a4 Ne8 41.Bd2 Nf6 42.f3 
Nd7 43.Qb2 f6 44.a5 Kf7 45.axb6 Nxb6 46.Kb3 Ke8 47.Ra5 Rxa5 48.Bxa5 Nd7 
49.Qa3 Nb8 50.Qa4 Kd7 51.b6+ Kd8 52.Qb5 Qd7 53.b7+ Ke8 54.Bc7 1-0

[Event "19th EUR-ch"]
[Site "Batumi GEO"]
[Date "2018.03.22"]
[Round "6.95"]
[White "Mirzoyan, David"]
[Black "Kovalenko, Igor"]
[Result "0-1"]
[WhiteElo "2350"]
[BlackElo "2642"]
[EventDate "2018.03.17"]
[PlyCount "100"]

1.d4 Nf6 2.c4 g6 3.Nc3 Bg7 4.e4 d6 5.Be2 O-O 6.Nf3 c6 7.O-O Na6 8.Re1 Bg4 
9.Be3 Qc7 10.a3 e5 11.d5 c5 12.Nd2 Bc8 13.b4 b6 14.Rb1 Qe7 15.Na2 Nd7 16.
Nc1 f5 17.f3 f4 18.Bf2 h5 19.Bd3 g5 20.Kf1 Rf7 21.Ke2 g4 22.Rh1 Nf8 23.Qf1
Bf6 24.Kd1 Bd7 25.b5 Nc7 26.Kc2 a6 27.a4 Ne8 28.Ne2 Ng6 29.Nc3 a5 30.Qe2 
Rg7 31.Rbg1 Bg5 32.Qd1 Nf6 33.Be2 Kf7 34.Na2 Rag8 35.Nc1 Bh4 36.g3 Bg5 37.
Nd3 Ke8 38.Qe1 Rf8 39.Bd1 Rgf7 40.Rg2 Bh6 41.Bg1 gxf3 42.Bxf3 Bh3 43.Rf2 
Ng4 44.Re2 Kd8 45.Bg2 Bxg2 46.Rxg2 f3 47.Rf2 Qg5 48.Nb3 Ne3+ 49.Kc3 Qg4 
50.Nd2 Ng2 0-1

[Event "19th EUR-ch"]
[Site "Batumi GEO"]
[Date "2018.03.22"]
[Round "6.96"]
[White "Ivanisevic, Ivan"]
[Black "Lewtak, Damian"]
[Result "1-0"]
[WhiteElo "2587"]
[BlackElo "2370"]
[EventDate "2018.03.17"]
[PlyCount "49"]

1.d4 Nf6 2.c4 c6 3.Nc3 d5 4.Nf3 e6 5.g3 dxc4 6.Bg2 Nbd7 7.a4 a5 8.O-O Nd5 
9.e4 Nb4 10.Qe2 Nb6 11.Be3 Be7 12.Ne5 O-O 13.Rac1 Bf6 14.Rfd1 Bxe5 15.dxe5
Nd7 16.Rd6 Nd3 17.Rd1 b5 18.axb5 cxb5 19.Nxb5 Ba6 20.Na7 Rxa7 21.Bxa7 Bb5 
22.Qe3 N3xe5 23.f4 Nd3 24.b3 Qc7 25.bxc4 1-0

[Event "19th EUR-ch"]
[Site "Batumi GEO"]
[Date "2018.03.22"]
[Round "6.97"]
[White "Torosian, Norayr"]
[Black "Moroni, Luca jr"]
[Result "1/2-1/2"]
[WhiteElo "2371"]
[BlackElo "2559"]
[EventDate "2018.03.17"]
[PlyCount "160"]

1.e4 c5 2.Nf3 d6 3.Bb5+ Nd7 4.O-O a6 5.Bd3 g6 6.c3 Bg7 7.Bc2 Ngf6 8.Re1 
O-O 9.d4 cxd4 10.cxd4 b5 11.a3 Bb7 12.Nc3 Rc8 13.h3 Nb6 14.Qe2 Nc4 15.Bd3 
Qb6 16.b3 Na5 17.Qb2 Nh5 18.g4 Nf6 19.g5 Nh5 20.Nd5 Qd8 21.Bd2 Nc6 22.Bf1 
e6 23.Nb4 Nxb4 24.axb4 f5 25.gxf6 Qxf6 26.Bg2 Nf4 27.Bxf4 Qxf4 28.Nh2 Rc7 
29.Rad1 Rfc8 30.Rd2 h5 31.Re3 Rc1+ 32.Nf1 Kh7 33.Rde2 R8c7 34.e5 Bxg2 35.
Kxg2 dxe5 36.dxe5 Qxb4 37.Ng3 Rd1 38.Rc2 Rxc2 39.Qxc2 Rd2 40.Qe4 Qd4 41.
Qf3 Qd7 42.Ne4 Rd5 43.Nf6+ Bxf6 44.Qxf6 a5 45.h4 b4 46.Re4 Rc5 47.Rd4 Rd5 
48.Re4 Qb7 49.Kh2 Qd7 50.Kg2 Rd1 51.Rf4 Qb7+ 52.f3 Qd7 53.Qf7+ Qxf7 54.
Rxf7+ Kh6 55.Ra7 Rd5 56.f4 Rd2+ 57.Kg3 Rd3+ 58.Kg2 Rxb3 59.Rxa5 Rb2+ 60.
Kg3 Rb3+ 61.Kg2 Rb2+ 62.Kg3 Rb1 63.Kg2 b3 64.Ra7 Rc1 65.Rb7 Rc3 66.Rb6 
Rc2+ 67.Kg3 Rc3+ 68.Kg2 Kg7 69.Rxe6 Rc2+ 70.Kg3 Rc3+ 71.Kg2 Rc4 72.Rb6 
Rxf4 73.Kg3 Rg4+ 74.Kh3 Re4 75.Rxb3 Rxe5 76.Kg3 Kf6 77.Ra3 Rd5 78.Rf3+ Rf5
79.Ra3 Rd5 80.Rf3+ Ke5 1/2-1/2

[Event "19th EUR-ch"]
[Site "Batumi GEO"]
[Date "2018.03.22"]
[Round "6.98"]
[White "Pogosyan, Stefan"]
[Black "Sanal, Vahap"]
[Result "1-0"]
[WhiteElo "2322"]
[BlackElo "2543"]
[EventDate "2018.03.17"]
[PlyCount "41"]

1.d4 Nf6 2.c4 e6 3.Nc3 Bb4 4.Qc2 c5 5.dxc5 Na6 6.a3 Bxc3+ 7.Qxc3 Nxc5 8.b4
Nce4 9.Qc2 d5 10.f3 Nd6 11.c5 Nf5 12.e3 h5 13.Bd3 h4 14.Bxf5 exf5 15.Ne2 
d4 16.Nxd4 f4 17.Bb2 fxe3 18.O-O-O Qc7 19.Nb5 Qf4 20.Rd4 Qb8 21.c6 1-0

[Event "19th EUR-ch"]
[Site "Batumi GEO"]
[Date "2018.03.22"]
[Round "6.99"]
[White "Meskovs, Nikita"]
[Black "Assaubaeva, Bibisara"]
[Result "1-0"]
[WhiteElo "2536"]
[BlackElo "2369"]
[EventDate "2018.03.17"]
[PlyCount "81"]

1.d4 Nf6 2.Nf3 g6 3.Nc3 d5 4.Bf4 Bg7 5.Nb5 Na6 6.e3 O-O 7.h3 c6 8.Nc3 Nc7 
9.Be2 Nce8 10.O-O Nd6 11.Ne5 Nd7 12.Bh2 f6 13.Nxd7 Qxd7 14.Na4 b6 15.b3 e5
16.c4 Bb7 17.Rc1 Rad8 18.cxd5 cxd5 19.Nc3 Qe6 20.Qd3 Kh8 21.Rfd1 Ne4 22.
Nb5 Ba6 23.a4 exd4 24.Qxd4 f5 25.Qb4 Bxb5 26.Bxb5 Rc8 27.Ba6 Rc5 28.Rxc5 
bxc5 29.Qb7 Nc3 30.Re1 d4 31.Bc4 Qe4 32.Qd7 f4 33.f3 Qe5 34.Bxf4 Rxf4 35.
exf4 Qxe1+ 36.Kh2 h5 37.Qf7 Kh7 38.Bd3 Qh4 39.Qxg6+ Kg8 40.Bc4+ Kh8 41.
Qe8+ 1-0

[Event "19th EUR-ch"]
[Site "Batumi GEO"]
[Date "2018.03.22"]
[Round "6.100"]
[White "Steinberg, Nitzan"]
[Black "Kacharava, Nikolozi"]
[Result "1-0"]
[WhiteElo "2518"]
[BlackElo "2362"]
[EventDate "2018.03.17"]
[PlyCount "123"]

1.e4 e5 2.Nf3 Nf6 3.Nxe5 d6 4.Nf3 Nxe4 5.d3 Nf6 6.d4 d5 7.Bd3 Bd6 8.O-O 
O-O 9.h3 h6 10.Re1 Be6 11.Nc3 c6 12.Ne5 c5 13.Nb5 cxd4 14.Bf4 Bb4 15.Re2 
Nc6 16.Nxc6 bxc6 17.Nc7 Nh5 18.Bh2 Qh4 19.Nxa8 Rxa8 20.Re5 Nf4 21.Qf3 Nxd3
22.cxd3 Rc8 23.Rc1 Qf6 24.Qxf6 gxf6 25.Rh5 Bf8 26.Bf4 Kh7 27.Bd2 c5 28.Rh4
Rb8 29.b3 Rb5 30.Rf4 Kg6 31.Kf1 h5 32.Rf3 Rb6 33.Rc2 Bd6 34.Ke2 Bf5 35.Bf4
Be7 36.Kd2 Bf8 37.g4 hxg4 38.Rg3 c4 39.bxc4 dxc4 40.Rxc4 Rb2+ 41.Rc2 Rb1 
42.Ke2 Bd7 43.hxg4 Bb4 44.Kf3 Bc3 45.Bd2 Ba4 46.Rxc3 dxc3 47.Bxc3 Rc1 48.
Bd4 Bd1+ 49.Ke4 Rc2 50.a3 a6 51.Rg1 Re2+ 52.Be3 Ba4 53.d4 Ra2 54.Rc1 Rxa3 
55.d5 Bd7 56.d6 Ra4+ 57.Kd5 Ra5+ 58.Bc5 Ra2 59.Re1 Rd2+ 60.Bd4 Bxg4 61.Rg1
Kf5 62.Rxg4 1-0

[Event "19th EUR-ch"]
[Site "Batumi GEO"]
[Date "2018.03.22"]
[Round "6.101"]
[White "Gvetadze, Sofio"]
[Black "Sprenger, Jan Michael"]
[Result "1-0"]
[WhiteElo "2308"]
[BlackElo "2513"]
[EventDate "2018.03.17"]
[PlyCount "107"]

1.e4 c5 2.Nf3 d6 3.d4 cxd4 4.Nxd4 Nf6 5.f3 e5 6.Nb3 Be7 7.c4 a5 8.Be3 Nc6 
9.Be2 O-O 10.O-O Nd7 11.Nc3 a4 12.Nc1 Nc5 13.Rb1 Bg5 14.Bf2 Be6 15.Nb5 b6 
16.b4 axb3 17.axb3 Nb4 18.Be1 Be3+ 19.Kh1 Nca6 20.Nd3 Nc6 21.Nb2 Nc7 22.
Qd3 Bg5 23.Nxd6 g6 24.b4 Na6 25.Nb5 Naxb4 26.Qb3 Na6 27.Nd3 Nc5 28.Qc2 Be3
29.Nb4 Nxb4 30.Bxb4 Qg5 31.Nc7 Rab8 32.Nxe6 fxe6 33.Rfd1 Bd4 34.Bc3 Rfd8 
35.Bxd4 exd4 36.Bd3 Qe3 37.h3 Rd7 38.Ra1 Kg7 39.Ra3 Rbb7 40.Rda1 h5 41.Rd1
Ra7 42.Rxa7 Rxa7 43.Bf1 e5 44.Rb1 Qc3 45.Qf2 Ra1 46.Qh4 Rxb1 47.Qe7+ Kh6 
48.Qf8+ Kg5 49.Kh2 Nxe4 50.h4+ Kxh4 51.Qe7+ g5 52.Qe6 g4 53.Qe7+ Ng5 54.
g3# 1-0

[Event "19th EUR-ch"]
[Site "Batumi GEO"]
[Date "2018.03.22"]
[Round "6.102"]
[White "Fernandez, Daniel Howard"]
[Black "Krykun, Yuriy"]
[Result "1/2-1/2"]
[WhiteElo "2505"]
[BlackElo "2340"]
[EventDate "2018.03.17"]
[PlyCount "113"]

1.Nf3 Nf6 2.b3 g6 3.Bb2 Bg7 4.g3 c5 5.e3 b6 6.Bg2 Bb7 7.O-O O-O 8.c4 d5 9.
cxd5 Nxd5 10.Bxg7 Kxg7 11.d4 Na6 12.Qd2 Rc8 13.Rc1 cxd4 14.Nxd4 Rxc1+ 15.
Qxc1 Qd7 16.Na3 Nc5 17.Ndb5 Nf6 18.Qd1 Bxg2 19.Kxg2 Rd8 20.Qxd7 Rxd7 21.
Nc4 Nd3 22.a4 Ng4 23.f3 Nge5 24.Nxe5 Nxe5 25.Nd4 Rc7 26.Kf1 Nd3 27.Ke2 Nb4
28.f4 Nc2 29.Rd1 Nxd4+ 30.Rxd4 Rc3 31.b4 a6 32.Rd3 Rc4 33.Rd4 Rc3 34.Rd7 
Rb3 35.Ra7 Rxb4 36.Rxa6 b5 37.a5 Rb3 38.Kf3 f5 39.Re6 Kf7 40.Rb6 b4 41.a6 
Ra3 42.g4 b3 43.gxf5 gxf5 44.Kg3 b2 45.Kh4 Rxa6 46.Rxb2 Ra3 47.Re2 Kg6 48.
Rg2+ Kf6 49.Rg3 Ra2 50.h3 e5 51.fxe5+ Kxe5 52.Rg8 Re2 53.Re8+ Kf6 54.Kh5 
Kf7 55.Re5 Kf6 56.Re8 Kf7 57.Re5 1/2-1/2

[Event "19th EUR-ch"]
[Site "Batumi GEO"]
[Date "2018.03.22"]
[Round "6.103"]
[White "Barseghian, Armen Ar."]
[Black "Goryachkina, Aleksandra"]
[Result "0-1"]
[WhiteElo "2298"]
[BlackElo "2491"]
[EventDate "2018.03.17"]
[PlyCount "102"]

1.Nf3 d5 2.d4 Nf6 3.g3 e6 4.Bg2 Be7 5.O-O O-O 6.c4 c6 7.Qc2 Nbd7 8.Nc3 b6 
9.e4 Ba6 10.e5 Ne8 11.Nd2 b5 12.c5 b4 13.Nd1 Bxf1 14.Bxf1 f6 15.f4 fxe5 
16.fxe5 a5 17.Bd3 g6 18.Kg2 Ng7 19.Nf3 Rf7 20.Nf2 Qf8 21.Qe2 Nf5 22.Nh3 
Re8 23.Bd2 Bd8 24.g4 Nh6 25.Nfg5 Bxg5 26.Bxg5 Qg7 27.Kg3 Rff8 28.Qe3 Nf7 
29.Bf4 h6 30.g5 h5 31.Kh4 Nh8 32.Bg3 Qe7 33.Nf4 Kg7 34.Rf1 Rf7 35.Qe2 Nf8 
36.Nxh5+ Kg8 37.Rf6 gxh5 38.Qxh5 Rh7 39.Bxh7+ Qxh7 40.Qxh7+ Nxh7 41.Rf3 
Rf8 42.Rxf8+ Nxf8 43.Kg4 Nhg6 44.h4 Ne7 45.h5 Nf5 46.Bf2 Kh7 47.Kf4 Nd7 
48.Kg4 Nb8 49.Be1 Nxd4 50.g6+ Kg7 51.Bh4 Nd7 0-1

[Event "19th EUR-ch"]
[Site "Batumi GEO"]
[Date "2018.03.22"]
[Round "6.104"]
[White "Manafov, Vugar"]
[Black "Stefanova, Antoaneta"]
[Result "1-0"]
[WhiteElo "2263"]
[BlackElo "2481"]
[EventDate "2018.03.17"]
[PlyCount "121"]

1.Nf3 d5 2.g3 c5 3.Bg2 g6 4.O-O Bg7 5.d3 Nc6 6.Nc3 f5 7.Ne1 Nf6 8.Bg5 d4 
9.Na4 Qd6 10.c4 O-O 11.a3 Rb8 12.Nc2 b5 13.cxb5 Rxb5 14.b4 Nd5 15.bxc5 Qd7
16.Rb1 Ba6 17.Rxb5 Bxb5 18.Nb4 Ncxb4 19.axb4 e6 20.Nb2 Nxb4 21.Qb3 Nd5 22.
Nc4 Rc8 23.Bxd5 exd5 24.Nd6 Rxc5 25.Nxb5 Qxb5 26.Qa2 Qa5 27.Ra1 Qxa2 28.
Rxa2 Rc7 29.Ra5 Kf7 30.Bf4 Rb7 31.Bd6 Ke6 32.Bc5 Be5 33.Bxa7 Rb1+ 34.Kg2 
Rb2 35.Kf1 Rb1+ 36.Kg2 Rb2 37.f4 Bf6 38.Ra6+ Ke7 39.Bc5+ Kd7 40.Rxf6 Rxe2+
41.Kh3 Rd2 42.Bxd4 Rxd3 43.Be5 Ke7 44.Ra6 Rd2 45.Ra7+ Ke6 46.Rxh7 d4 47.
Rg7 d3 48.Rxg6+ Kd5 49.Bc7 Ra2 50.Rd6+ Ke4 51.Bb6 d2 52.Ba5 Rxa5 53.Rxd2 
Ra8 54.Kg2 Ke3 55.Rd5 Ra2+ 56.Kh3 Ke4 57.Re5+ Kf3 58.Rxf5 Ra8 59.Rh5 Rf8 
60.f5 Rf7 61.Kh4 1-0

[Event "19th EUR-ch"]
[Site "Batumi GEO"]
[Date "2018.03.22"]
[Round "6.105"]
[White "Tsvetkov, Andrey"]
[Black "Sadikhov, Ulvi"]
[Result "0-1"]
[WhiteElo "2252"]
[BlackElo "2477"]
[EventDate "2018.03.17"]
[PlyCount "56"]

1.d4 Nf6 2.c4 g6 3.Nc3 Bg7 4.e4 d6 5.Nf3 Bg4 6.Be2 O-O 7.O-O Nfd7 8.Bg5 
Nc6 9.d5 Bxf3 10.Bxf3 Nd4 11.Be3 c5 12.dxc6 Nxf3+ 13.Qxf3 bxc6 14.Rfc1 Rb8
15.Qe2 Qa5 16.Qc2 Ne5 17.b3 Ng4 18.Bf4 Bd4 19.Bg3 f5 20.Qd2 e5 21.h3 Nf6 
22.exf5 Nh5 23.Qd3 Rxf5 24.Rc2 Rxb3 25.Rac1 Rxc3 26.Rxc3 Nxg3 27.Rb3 Rxf2 
28.Kh2 Nh5 0-1

[Event "19th EUR-ch"]
[Site "Batumi GEO"]
[Date "2018.03.22"]
[Round "6.106"]
[White "Stukan, Martin"]
[Black "Jurcik, Marian"]
[Result "0-1"]
[WhiteElo "2210"]
[BlackElo "2473"]
[EventDate "2018.03.17"]
[PlyCount "102"]

1.e4 e5 2.Nf3 Nc6 3.Bb5 a6 4.Ba4 d6 5.O-O Bd7 6.d4 Nge7 7.d5 Nb8 8.c4 b5 
9.Bc2 Ng6 10.Nc3 b4 11.Ne2 Be7 12.a3 bxa3 13.Rxa3 c5 14.Ng3 O-O 15.Nf5 a5 
16.Bd2 Qb6 17.Nxe7+ Nxe7 18.Qa1 Na6 19.Rxa5 Bg4 20.Qa3 Bxf3 21.gxf3 Ng6 
22.Ra1 Nc7 23.Qb3 Qxb3 24.Bxb3 Rab8 25.R5a3 Nh4 26.Ba5 Na8 27.Bd1 Rxb2 28.
Bc3 Rbb8 29.Ra6 Nb6 30.Be2 Nc8 31.f4 exf4 32.f3 f6 33.Kf2 Rb3 34.Ba5 Rb2 
35.Bc7 g5 36.h3 h5 37.Rg1 Kg7 38.Bxd6 Nxd6 39.Rxd6 Ra8 40.e5 Raa2 41.exf6+
Kf7 42.Re6 Nf5 43.Re1 Nd4 44.Re4 Ra3 45.Kg1 Rxf3 46.Bxf3 Nxf3+ 47.Kf1 Nh2+
48.Kg1 Nf3+ 49.Kf1 Nh2+ 50.Kg1 f3 51.Re7+ Kg6 0-1

[Event "19th EUR-ch"]
[Site "Batumi GEO"]
[Date "2018.03.22"]
[Round "6.107"]
[White "Eynullayev, Atilla"]
[Black "Lobanov, Sergei"]
[Result "0-1"]
[WhiteElo "2147"]
[BlackElo "2468"]
[EventDate "2018.03.17"]
[PlyCount "52"]

1.d4 d5 2.c4 c6 3.Nf3 Nf6 4.g3 g6 5.b3 Bg7 6.Bg2 O-O 7.O-O Bf5 8.Bb2 Nbd7 
9.Nc3 Ne4 10.e3 Qa5 11.Nxe4 Bxe4 12.Bh3 Nc5 13.Qd2 Qxd2 14.Nxd2 Nd3 15.
Nxe4 dxe4 16.Bc3 c5 17.f3 cxd4 18.exd4 e3 19.Rad1 Nf4 20.gxf4 e2 21.Rfe1 
exd1=Q 22.Rxd1 e6 23.Kf2 Rfd8 24.Ke3 b6 25.Bf1 Rd7 26.Bd3 f5 0-1

[Event "19th EUR-ch"]
[Site "Batumi GEO"]
[Date "2018.03.22"]
[Round "6.108"]
[White "Vykouk, Jan"]
[Black "Konaplev, Anton"]
[Result "0-1"]
[WhiteElo "2445"]
[BlackElo "2337"]
[EventDate "2018.03.17"]
[PlyCount "84"]

1.d4 Nf6 2.c4 e6 3.Nf3 d5 4.Bg5 Be7 5.e3 h6 6.Bh4 O-O 7.Nc3 Ne4 8.Bxe7 
Qxe7 9.Qc2 c6 10.Bd3 Nxc3 11.Qxc3 Nd7 12.O-O dxc4 13.Bxc4 b6 14.e4 Bb7 15.
Rfe1 c5 16.d5 exd5 17.Bxd5 Bxd5 18.exd5 Qd6 19.Nh4 Qxd5 20.Rad1 Qg5 21.
Rxd7 Qxh4 22.g3 Qa4 23.Rde7 Qxa2 24.b3 Rad8 25.Kg2 a5 26.Qf3 Qd2 27.R1e4 
Qd3 28.Re3 Qd5 29.R3e4 Rd6 30.R7e5 Qc6 31.Re7 Rdd8 32.Kg1 Rde8 33.Qf5 Rxe7
34.Rxe7 b5 35.Ra7 g6 36.Qf4 Qb6 37.Re7 h5 38.Qe4 Qd6 39.Kg2 c4 40.bxc4 
bxc4 41.Ra7 Qb6 42.Rb7 Qc5 0-1

[Event "19th EUR-ch"]
[Site "Batumi GEO"]
[Date "2018.03.22"]
[Round "6.109"]
[White "Yankelevich, Lev"]
[Black "Danielyan, Vahe"]
[Result "0-1"]
[WhiteElo "2437"]
[BlackElo "2331"]
[EventDate "2018.03.17"]
[PlyCount "62"]

1.Nf3 Nc6 2.e4 e5 3.Bc4 Bc5 4.c3 Nf6 5.d4 exd4 6.e5 d5 7.Bb5 Ne4 8.cxd4 
Bb6 9.Be3 O-O 10.Nc3 f6 11.Qb3 Nxc3 12.Bxc6 bxc6 13.Qxc3 f5 14.g3 Qe8 15.
a4 a5 16.Nd2 Ba6 17.h4 Qh5 18.f3 Qg6 19.O-O-O Rfb8 20.Rdg1 Ba7 21.Nb3 Rb4 
22.Nxa5 c5 23.dxc5 Rab8 24.b3 Bc4 25.e6 Rxb3 26.Nxb3 Rxb3 27.Qxb3 Bxb3 28.
Kb2 f4 29.Kxb3 fxe3 30.e7 Bxc5 31.Rc1 Bxe7 0-1

[Event "19th EUR-ch"]
[Site "Batumi GEO"]
[Date "2018.03.22"]
[Round "6.110"]
[White "Perunovic, Miodrag"]
[Black "Petriashvili, Nikoloz"]
[Result "1-0"]
[WhiteElo "2429"]
[BlackElo "2329"]
[EventDate "2018.03.17"]
[PlyCount "54"]

1.d4 d5 2.c4 c6 3.Nf3 Nf6 4.e3 g6 5.Nc3 Bg7 6.Be2 O-O 7.O-O dxc4 8.Bxc4 
Bg4 9.h3 Bxf3 10.Qxf3 Nbd7 11.Rd1 e5 12.d5 e4 13.Nxe4 Nxe4 14.Qxe4 Nb6 15.
a4 Rc8 16.d6 Re8 17.Qf3 Qd7 18.Bb3 Nd5 19.e4 Nf6 20.Bg5 Nxe4 21.Be7 Rxe7 
22.dxe7 Qxe7 23.Re1 Re8 24.Rxe4 Qxe4 25.Bxf7+ Kf8 26.Bxe8+ Qxf3 27.gxf3 
Kxe8 1-0

[Event "19th EUR-ch"]
[Site "Batumi GEO"]
[Date "2018.03.22"]
[Round "6.111"]
[White "Haria, Ravi"]
[Black "Murzin, Volodar"]
[Result "1-0"]
[WhiteElo "2424"]
[BlackElo "2316"]
[EventDate "2018.03.17"]
[PlyCount "75"]

1.e4 c5 2.Nf3 d6 3.Bb5+ Bd7 4.Bxd7+ Qxd7 5.c4 Nf6 6.Nc3 g6 7.d4 cxd4 8.
Nxd4 Bg7 9.f3 O-O 10.Be3 Nc6 11.Rc1 e6 12.O-O Rfd8 13.Qe1 d5 14.Nxc6 bxc6 
15.e5 Ne8 16.Bg5 Rdb8 17.Na4 h6 18.Bh4 Nc7 19.b3 Qe8 20.f4 Na6 21.Qe2 dxc4
22.Rxc4 Nb4 23.Nc5 Nd5 24.Ne4 a5 25.Qd2 Bf8 26.Rfc1 Bb4 27.Qf2 c5 28.Rd1 
Qf8 29.Rxd5 exd5 30.Nf6+ Kh8 31.Nxd5 a4 32.e6 g5 33.Bxg5 hxg5 34.fxg5 fxe6
35.Rh4+ Kg7 36.Qb2+ Kg6 37.Qc2+ Kxg5 38.Rg4+ 1-0

[Event "19th EUR-ch"]
[Site "Batumi GEO"]
[Date "2018.03.22"]
[Round "6.112"]
[White "Vardanian, Hamazasp"]
[Black "Ushenina, Anna"]
[Result "0-1"]
[WhiteElo "2109"]
[BlackElo "2423"]
[EventDate "2018.03.17"]
[PlyCount "49"]

1.e4 c5 2.Nf3 d6 3.Bb5+ Bd7 4.Bxd7+ Nxd7 5.O-O Ngf6 6.Re1 g6 7.c3 Bg7 8.d4
O-O 9.h3 Qb6 10.b3 cxd4 11.cxd4 Rae8 12.Bb2 d5 13.e5 Ne4 14.Nfd2 f5 15.
Nxe4 fxe4 16.Nc3 Qe6 17.Rc1 Bh6 18.Rc2 Nb8 19.a3 Rf7 20.Ree2 Nc6 21.b4 Qd7
22.Bc1 Bxc1 23.Rxc1 Rd8 24.Na4 Nxd4 25.Re1 0-1

[Event "19th EUR-ch"]
[Site "Batumi GEO"]
[Date "2018.03.22"]
[Round "6.113"]
[White "Janik, Igor"]
[Black "Shevelev, Arkady"]
[Result "1/2-1/2"]
[WhiteElo "2422"]
[BlackElo "2309"]
[EventDate "2018.03.17"]
[PlyCount "47"]

1.e4 c6 2.d4 d5 3.e5 Bf5 4.Nf3 e6 5.Be2 Nd7 6.O-O Ne7 7.Nbd2 c5 8.c4 Nc6 
9.cxd5 exd5 10.dxc5 Bxc5 11.Nb3 Bb6 12.Bg5 Qc7 13.Qxd5 Be6 14.Qe4 Ndxe5 
15.Bf4 Nxf3+ 16.Qxf3 Qe7 17.Qg3 Qf6 18.Bd3 O-O 19.Rae1 h6 20.Nd2 Bd5 21.
Bb1 Rad8 22.h3 g5 23.Be3 Bxe3 24.fxe3 1/2-1/2